| 000 | 00567nam a2200205Ia 4500 | ||
|---|---|---|---|
| 005 | 20250923145833.0 | ||
| 008 | 008 250917s9999 xx 000 0 eng d | ||
| 037 | _aTextual | ||
| 040 |
_aDSWL _beng _cDSWL |
||
| 041 |
_aeng _2eng |
||
| 084 |
_aYX,6, N82 _qDSWL |
||
| 100 |
_aLewis, H. _9839437 |
||
| 245 | 4 |
_aThe intellectual base of social work practice _c by H. Lewis |
|
| 260 |
_aNew York _bHaworthe Press _c1982 |
||
| 300 | _axiii,258p. | ||
| 365 |
_aUSD _b13.25 |
||
| 925 | _g13.25 | ||
| 942 |
_cTEXL _hYX,6, N82 |
||
| 999 |
_c1456318 _d1456318 |
||